60 polskich zespołów muzycznych - Statystyki

Ogólne statystyki
  • Ten quiz został rozwiązany 1 441 razy
    1 414 od ostatniego zresetowania
  • Średni wynik to 16 z 60
Statystyki odpowiedzi
Pierwsza litera Zespół % Poprawnych
P Perfect
73%
L Lady Pank
72%
B Bajm
61%
B Budka Suflera
61%
C Czerwone Gitary
57%
M Maanam
57%
K Kombi
54%
W Wilki
49%
I Ira
48%
E Enej
46%
O ONA
44%
M Myslovitz
43%
Ł Łzy
42%
V Varius Manx
42%
I Ich Troje
41%
R Republika
40%
T T.Love
38%
L Lombard
36%
H Hey
35%
B Brathanki
34%
F Feel
34%
A Afromental
32%
S Skaldowie
32%
V Virgin
29%
Z Zakopower
28%
A Alibabki
27%
B Big Cyc
27%
V Video
27%
D De Mono
25%
H Happysad
25%
P Pectus
25%
P Piersi
24%
B Blue Cafe
23%
L Lemon
21%
O Oddział Zamknięty
18%
V Vox
18%
F Filipinki
17%
C Coma
16%
R Róże Europy
15%
V Volver
15%
R Raz dwa trzy
14%
L Luxtorpeda
12%
P Pudelsi
12%
L Leszcze
11%
F Farba
10%
M Mafia
10%
V Verba
10%
N Nocny Kochanek
9%
W Wały Jagiellońskie
7%
R Red Lips
6%
G Goya
5%
M Manchester
5%
J Just 5
4%
P Pączki w tłuszczu
4%
P PIN
4%
L Loka
3%
R RH+
2%
S Sami
1%
S Sound'n' Grace
1%
P Power of Trinity
0%
Nie znaleziono quizów pasujących do podanych kryteriów
Rozkład punktacji
Procent ludzi z każdym wynikiem
Percentyl według liczby udzielonych odpowiedzi
Twoja historia wyników
Nie rozwiązałeś tego quizu od ostatniego zresetowania